ბათუმის შოთა რუსთაველის სახელმწიფო უნივერსიტეტის ბიბლიოთეკა

ზაქარია ჩორდიშვილი (ბიოგრაფია) (ბიბ.ჩანაწერი № 50181)

000 -LEADER
fixed length control field 00624nam a2200193Ia 4500
001 - CONTROL NUMBER
control field 17119
003 - CONTROL NUMBER IDENTIFIER
control field GE_BSU
008 - FIXED-LENGTH DATA ELEMENTS--GENERAL INFORMATION
fixed length control field 181216s||||||||xx |||||||||||||| ||und||
040 ## - CATALOGING SOURCE
Transcribing agency GE_BSU
080 ## - UNIVERSAL DECIMAL CLASSIFICATION NUMBER
Universal Decimal Classification number 329.150.1(092)
100 ## - MAIN ENTRY--PERSONAL NAME
Personal name ჩორდიშვილი,ზაქარია
245 ## - TITLE STATEMENT
Title ზაქარია ჩორდიშვილი (ბიოგრაფია)
260 ## - PUBLICATION, DISTRIBUTION, ETC.
Place of publication, distribution, etc. თბილისი
260 ## - PUBLICATION, DISTRIBUTION, ETC.
Name of publisher, distributor, etc. სახელგამი
260 ## - PUBLICATION, DISTRIBUTION, ETC.
Date of publication, distribution, etc. 1929
300 ## - PHYSICAL DESCRIPTION
Extent 110გვ.16სმ.
653 ## - INDEX TERM--UNCONTROLLED
Uncontrolled term ზაქარია ჩორდიშვილი (ბიოგრაფია)
942 ## - ADDED ENTRY ELEMENTS (KOHA)
Koha item type წიგნი
ეგზემპლარები
Withdrawn status Lost status Damaged status Not for loan Date acquired Barcode Date last seen Price effective from Koha item type
        2018-12-17 21746 2018-12-17 2018-12-17 წიგნი